Missing Word: 1939 in Film Quiz Stats

 Plays Quiz Updated Jul 21, 2013

Support Sporcle.
Go Orange.
Score 0/16 Timer 02:00
0 Plays Today
Film Word % Correct
The ____ of OzWizard
98.7%
Gone with the ____Wind
98.3%
Of ____ and MenMice
96.7%
The ____ of Notre DameHunchback
96%
Gulliver's ____Travels
96%
Wuthering ____Heights
94.9%
The ____ of the BaskervillesHound
86.1%
Mr. ____ Goes to WashingtonSmith
79.3%
Film Word % Correct
Jesse ____James
75.4%
Goodbye, Mr. ____Chips
61.4%
The ____ PrincessLittle
57.4%
It's a ____ WorldWonderful
55.4%
Dodge ____City
48.8%
Babes in ____Arms
36.1%
The ____ FeathersFour
30.6%
____ VictoryDark
21.2%

Today's Daily Dose

You're not logged in!

Compare scores with friends on all Sporcle quizzes.
OR
Log In

From the Vault

9x9 Mystery Word Sudoku

by Kit_Spades

As if Sudoku with numbers wasn't hard enough.
Remove Ads.
Support Sporcle.
Get the best of Sporcle when you Go Orange. This ad-free experience offers more features, more stats, and more fun while also helping to support Sporcle. Thank you for becoming a member.

Show Comments

Extras

Top Quizzes Today


Score Distribution

Your Account Isn't Verified!

In order to create a playlist on Sporcle, you need to verify the email address you used during registration. Go to your Sporcle Settings to finish the process.

Report this User

Report this user for behavior that violates our Community Guidelines.

Details: